Marketing : a Southeast Asian perspective

Bibliographic Details
Other Authors: McGovern, Ian
Format: Book
Published: Singapore : Addison-Wesley Publishing Co. , 1996
Series:Singapore Business Development Series
Subjects:

MARC

LEADER 00000cam a2200000 7i4500
001 0000009054
002 000009864
005 20080121.0
020 |a 0201889102 
090 0 0 |a 658.80000959   |b MAR 
245 0 0 |a Marketing :   |b a Southeast Asian perspective   |c edited by Ian McGovern 
260 |a Singapore :   |b Addison-Wesley Publishing Co. ,   |c 1996 
300 |a 325 p. :   |b ill ;   |c 24 cm. 
490 0 |a Singapore Business Development Series 
650 0 0 |a Marketing   |z Asia, Southestern 
650 0 0 |a Marketing   |z Asia.Southeastern   |x Management 
650 0 0 |a Marketing   |z Singapore   |x Case studies 
700 1 |a McGovern, Ian 
999 |a 056647   |b BUKU   |c PINJAMAN   |e PERPUSTAKAAN KOMUNITI PETALING JAYA